Quiz sur Victor Wembanyama - Statistics

General Stats
  • This quiz has been taken 27 times
    4 since last reset
  • The average score is 6 of 8
Answer Stats
Hint Answer % Correct
Wemby s'élève à une hauteur de 2,22 mètres. Époustouflante, vraiment troublant, Ce qui brise la compréhension, qui donne les larmes, ce qui est hallucinant et donne la chair de poule. Quelle est son envergure, exprimée en mètres ? 2.4 mètres
100%
De quelle nation est-il originaire ? France
100%
Ce surnom lui fut octroyer. donné. L'extraterrestre
100%
Avant de rejoindre la NBA, pour quelle équipe française Wembanyama a-t-il joué ? Metropolitans 92
100%
Avez-vous apprécié le quiz ? Oui!
100%
Et lui, de quelle couleur sont ses yeux ? Bleu clair
50%
Quel est le nom que Dieu a donné à l'entraîneur actuel de Wemby ? Mitch Johnson
50%
Quel est son plat préféré celui qu'il dévore avec une voracité insatiable ? Fleur d'abricotier
0%
No matching quizzes found
Score Distribution
Percent of People with Each Score
Percentile by Number Answered
Your Score History
You have not taken this quiz since the last reset